Cyclisme : Mathieu Van Der Poel Victoires WT - Statistiques

Statistiques générales
  • Ce quiz a été pris 115 fois
    21 depuis la dernière actualisation
  • Le résultat moyen est 22 sur 30
Statistiques - réponses
Années Équipe Indice Réponse % Correct
2023 Alpecin - Deceuninck Classique Paris-Roubaix
100%
2024 Alpecin - Deceuninck Classique Paris-Roubaix
100%
2025 Alpecin - Deceuninck Classique Paris-Roubaix
100%
2021 Alpecin - Fenix Étape Tour de France
100%
2025 Alpecin - Deceuninck Étape Tour de France
100%
2022 Alpecin - Deceuninck Étape Tour d'Italie
100%
2020 Alpecin - Fenix Classique Tour des Flandres
94%
2022 Alpecin - Deceuninck Classique Tour des Flandres
94%
2024 Alpecin - Deceuninck Classique Tour des Flandres
94%
2024 Alpecin - Deceuninck Classique E3 Saxo Classic
89%
2025 Alpecin - Deceuninck Classique E3 Saxo Classic
89%
2026 Alpecin - Premier Tech Classique E3 Saxo Classic
89%
2023 Alpecin - Deceuninck Classique Milan San Remo
89%
2025 Alpecin - Deceuninck Classique Milan San Remo
89%
2019 Corendon - Circus Classique Amstel Gold Race
78%
2020 Alpecin - Fenix Étape Tirreno-Adriatico
78%
2021 Alpecin - Fenix Étape Tirreno-Adriatico
78%
2021 Alpecin - Fenix Étape Tirreno-Adriatico
78%
2026 Alpecin - Premier Tech Étape Tirreno-Adriatico
78%
2026 Alpecin - Premier Tech Étape Tirreno-Adriatico
78%
2021 Alpecin - Fenix Étape Tour de Suisse
50%
2021 Alpecin - Fenix Étape Tour de Suisse
50%
2021 Alpecin - Fenix Classique Strade Bianche
44%
2020 Alpecin - Fenix Étape BinckBank Tour
39%
2020 Alpecin - Fenix Course par étapes BinckBank Tour
39%
2026 Alpecin - Premier Tech Classique Omloop Het Nieuwsblad
39%
2025 Alpecin - Deceuninck Étape Renewi Tour
39%
2021 Alpecin - Fenix Étape UAE Tour
39%
2019 Corendon - Circus Classique Dwars door Vlaanderen
33%
2022 Alpecin - Deceuninck Classique Dwars door Vlaanderen
33%
Aucun quiz correspondant
Distribution des résultats
% des personnes avec chaque résultat
Percentile par nombre de réponses
Votre historique - résultats
Vous n’avez pas pris ce quiz depuis la dernière actualisation